000 00498nam a2200181Ia 4500
003 OSt
005 20250812141600.0
008 210210b xxu||||| |||| 00| 0 eng d
040 _cAL
041 _akan
082 _a853/187
100 _aNARASIMHACHAR (P T)
_9161126
_dನರಸಿಂಹಾಚಾರ್ (ಪಿಟಿ)
245 _aVasanta chandana:
_bವಸಂತ ಚಂದನ
260 _aGoruru
_bHemavati Prakashana
690 _aKannada Drama
_9161129
906 _a019458
942 _2ddc
_cBK
999 _c143577
_d143577